Lý thuyết xác suất

Nội dung sách gồm: Mô hình xác suất rời rạc, không gian xác suất tổng quát, biến ngẫu và biến hàng phân phối, các số đặc trưng của biến ngẫu nhiên, sự hội tụ của dãy biến ngẫu và phân phối, hàm đặc trưng, các định lý giới hạn theo p...

Popoln opis

Shranjeno v:
Bibliografske podrobnosti
Glavni avtor: Nguyễn, Duy Tiến
Format: Knjiga
Jezik:Undetermined
Izdano: Hà Nội Giáo dục 2009
Teme:
Oznake: Označite
Brez oznak, prvi označite!
Thư viện lưu trữ: Trung tâm Học liệu Trường Đại học Cần Thơ
LEADER 01251nam a2200217Ia 4500
001 CTU_142862
008 210402s9999 xx 000 0 und d
020 |c 33500 
082 |a 519.2 
082 |b T305 
100 |a Nguyễn, Duy Tiến 
245 0 |a Lý thuyết xác suất 
245 0 |c Nguyễn Duy Tiến, Vũ Viết Yên 
260 |a Hà Nội 
260 |b Giáo dục 
260 |c 2009 
520 |a Nội dung sách gồm: Mô hình xác suất rời rạc, không gian xác suất tổng quát, biến ngẫu và biến hàng phân phối, các số đặc trưng của biến ngẫu nhiên, sự hội tụ của dãy biến ngẫu và phân phối, hàm đặc trưng, các định lý giới hạn theo phân phối của tổng các biến ngẫu nhiên độc lập, tổng các biến ngẫu nhiên độc lập và Luật số lớn, Martingale với thời gian rời rạc xích Markov với thời gian rời rạc. 
650 |a Mathematics,Toán học 
650 |x Statistics,Xác suất thống kê 
904 |i QHieu 
980 |a Trung tâm Học liệu Trường Đại học Cần Thơ